[Event "Wch U18"]
[Site "Oropesa del Mar"]
[Date "1999.10.24"]
[Round "1"]
[White "Vallejo Pons, Francisco"]
[Black "Bastys, Robertas"]
[Result "0-1"]
[WhiteElo "2519"]
[BlackElo "2236"]

1.e4 c5 2.Nf3 g6 3.c3 Bg7 4.d4 cxd4 5.cxd4 Nc6 6.Nc3 d6 7.h3 e6 8.Be3 Nge7
9.Qd2 Bd7 10.Bd3 a6 11.Rd1 Rc8 12.Bh6 O-O 13.h4 Nxd4 14.h5 Nxf3+ 15.gxf3 Qa5
16.Kf1 Qe5 17.Be2 Bxh6 18.Qxh6 g5 19.Rxd6 Qxd6 20.Qxg5+ Ng6 21.hxg6 fxg6
22.e5 Qc5 23.Qg3 Bc6 24.Rh6 Qe7 25.f4 Rf7 26.Bd3 b5 27.Ne2 Bd5 28.b3 Qb7
29.Kg1 Be4 30.f5 Bxf5 31.Bxf5 Rxf5 32.Rxg6+ hxg6 33.Qxg6+ Qg7  0-1

[Event "Wch U18"]
[Site "Oropesa del Mar"]
[Date "1999.10.31"]
[Round "7"]
[White "Vallejo Pons, Francisco"]
[Black "Bar, Roman"]
[Result "1/2-1/2"]
[WhiteElo "2519"]
[BlackElo "2324"]

1.Nf3 Nf6 2.c4 e6 3.Nc3 c5 4.g3 b6 5.Bg2 Bb7 6.O-O Be7 7.Re1 d5 8.cxd5 Nxd5
9.e4 Nxc3 10.bxc3 O-O 11.d4 cxd4 12.cxd4 Nc6 13.Bb2 Bf6 14.Rb1 Na5 15.Bc3 Nc4
16.Qa4 Rc8 17.Bb4 Re8 18.e5 Bc6 19.Qa6 Be7 20.Rec1 Bd5 21.Bxe7 Qxe7 22.Ne1 Qa3
23.Qxa3 Nxa3 24.Ra1 Bxg2  1/2-1/2

[Event "Wch U18"]
[Site "Oropesa del Mar"]
[Date "1999.11.01"]
[Round "8"]
[White "Flores, Diego"]
[Black "Vallejo Pons, Francisco"]
[Result "0-1"]
[WhiteElo "2319"]
[BlackElo "2519"]

1.e4 c5 2.c3 e6 3.d4 cxd4 4.cxd4 d5 5.e5 Nc6 6.Nf3 Nge7 7.a3 Nf5 8.b4 Bd7
9.Bb2 Qb6 10.g4 Nfe7 11.Nc3 h5 12.Na4 Qd8 13.Nc5 Bc8 14.g5 b6 15.Na6 Nb8
16.Rc1 Bxa6 17.Bxa6 Nxa6 18.Qa4+ Qd7 19.Qxa6 Ng6 20.Rc3 Be7 21.O-O O-O 22.Rfc1 Qd8
23.h4 Nxh4 24.Nxh4 Bxg5 25.Ng2 Bxc1 26.Rxc1 Qg5 27.Kh2 Qd2 28.Rb1 f6  0-1

[Event "Wch U18"]
[Site "Oropesa del Mar"]
[Date "1999.11.02"]
[Round "9"]
[White "Vallejo Pons, Francisco"]
[Black "Felgaer, Ruben"]
[Result "1-0"]
[WhiteElo "2519"]
[BlackElo "2364"]

1.Nf3 c5 2.c4 Nc6 3.d4 cxd4 4.Nxd4 g6 5.e4 Bg7 6.Be3 Nf6 7.Nc3 Ng4 8.Qxg4 Nxd4
9.Qd1 Ne6 10.Rc1 O-O 11.Bd3 d6 12.O-O Nc5 13.Bb1 Be6 14.b4 Nd7 15.Nd5 Nf6
16.Re1 Qd7 17.a3 Rac8 18.Bg5 Bxd5 19.exd5 b5 20.Bd3 bxc4 21.Bxc4 Qf5 22.Bh4 Rc7
23.Bb3 Rfc8 24.Rc6 Bh6 25.b5 Bf8 26.h3 Qd7 27.Qc2 Qd8 28.Rc1 Ne8 29.Bg5 Rxc6
30.dxc6 Qb6 31.a4 e6 32.Be3 Qc7 33.Qc3 Rb8 34.Qd4 Ra8 35.Qc3 Rb8 36.Bd2 d5
37.Qa5 Bd6 38.Bd1 Qxa5 39.Bxa5 Bc7 40.Bb4 Nd6 41.Be2 f6 42.Bc5 Nc8 43.g3 Kf7
44.Kg2 Ba5 45.f4 Bc7 46.Rc2 Bb6 47.Bb4 Bc7 48.a5 Ne7 49.Bc5 Nc8 50.Bxa7 Nxa7
51.b6 Ke7 52.Ba6 Kd6 53.Bb7 Nb5 54.Rb2 Nd4 55.a6 Nxc6 56.a7 Rxb7 57.a8=Q Rxb6
58.Qf8+ Ne7 59.Rc2  1-0

[Event "Wch U18"]
[Site "Oropesa del Mar"]
[Date "1999.11.05"]
[Round "11"]
[White "Vallejo Pons, Francisco"]
[Black "Kundin, Alexander"]
[Result "1-0"]
[WhiteElo "2519"]
[BlackElo "2403"]

1.d4 d5 2.c4 c6 3.Nf3 Nf6 4.Nc3 e6 5.Bg5 h6 6.Bh4 dxc4 7.e4 g5 8.Bg3 b5 9.Be2 Nbd7
10.d5 cxd5 11.exd5 Nc5 12.Qd4 exd5 13.Nxd5 Qxd5 14.Qxf6 Rg8 15.Rd1 Nd3+ 16.Bxd3 cxd3
17.O-O Bg7 18.Rxd3 Bxf6 19.Rxd5 Kf8 20.Rxb5 Ba6 21.Rf5 Bxf1 22.Rxf6 Bc4 23.b3 Rd8
24.h4 Bd5 25.h5 Be6 26.Be5 Rd5 27.Bc3 Rd3 28.Bb2 Bd5 29.Ne5 Rd2 30.Bc3 Rxa2
31.Rxh6 Bxb3 32.Rc6 Bc2 33.Rc8+ Kg7 34.Ng4+ f6 35.Bxf6+ Kf7 36.Nh6+ Kxf6
37.Nxg8+ Kg7 38.Ne7 a5 39.Rc7 Kh6 40.g4 Bh7 41.Rc6+ Kg7 42.h6+ Kf7 43.Rc7 Be4
44.Nf5+ Kg6 45.Rg7+ Kf6 46.Ng3 Bg6 47.Ra7 Rb2 48.Ra6+ Kf7 49.Rxa5 Kf6 50.Ra6+ Kf7
51.Kg2 Rb7 52.f3 Rb2+ 53.Kh3 Bd3 54.Ra7+ Kg6 55.Rd7 Bc4 56.Rg7+ Kf6 57.Nh5+ Ke6
58.Rxg5 Rb8 59.Nf4+  1-0

[Event "ESP-chT Div 1"]
[Site "Cala Galdana"]
[Date "1999.11.12"]
[Round "5"]
[White "Vallejo Pons, Francisco"]
[Black "Moreno, Javier"]
[Result "1-0"]
[WhiteElo "2519"]
[BlackElo "2474"]

1.e4 c5 2.d4 cxd4 3.Nf3 Nc6 4.Nxd4 Nf6 5.Nc3 e5 6.Ndb5 d6 7.Bg5 a6 8.Na3 b5
9.Bxf6 gxf6 10.Nd5 f5 11.Bd3 Be6 12.Qh5 Rg8 13.g3 Rg5 14.Qd1 Rg4 15.f3 Rg8
16.Qd2 Rc8 17.c3 h5 18.Nc2 h4 19.a4 Na5 20.Qe2 Bh6 21.axb5 Kf8 22.bxa6 Nb3
23.Rd1 fxe4 24.fxe4 Bg4 25.Qf2 Bxd1 26.Kxd1 Nc5 27.Rf1 Rg7 28.Ncb4 Qg5 29.Kc2 hxg3
30.hxg3 Nxd3 31.Nxd3 Qg4 32.Nb6 Qxe4 33.Nxc8 Qa4+ 34.Kb1 Qxa6 35.Qf5 e4 36.Nb4  1-0

[Event "ESP-chT Div 1"]
[Site "Cala Galdana"]
[Date "1999.11.13"]
[Round "6"]
[White "Moya Soriano, Miguel"]
[Black "Vallejo Pons, Francisco"]
[Result "0-1"]
[WhiteElo "2275"]
[BlackElo "2519"]

1.e4 c5 2.Nf3 e6 3.d4 cxd4 4.Nxd4 a6 5.c4 Nf6 6.Nc3 Bb4 7.f3 O-O 8.Be2 d6
9.Be3 Bxc3+ 10.bxc3 Qc7 11.g4 Nfd7 12.f4 Nc5 13.Qc2 b6 14.O-O Bb7 15.Bf3 Nbd7
16.g5 Rae8 17.Rad1 e5 18.Nf5 Re6 19.Rd5 Bxd5 20.exd5 Ree8 21.Qg2 exf4 22.Bxf4 Ne5
23.Bh5 Ncd3 24.Be3 Ng6 25.Bd4 Ndf4 26.Qg4 Ne2+ 27.Kh1 Nxd4 28.Qxd4 Re5 29.Rf3 Qd8
30.h4 f6 31.Qf2 Re4 32.Bxg6 hxg6 33.Nd4 fxg5 34.Ne6 Rxh4+ 35.Kg2 Rxf3 36.Qxf3 Qf6  0-1

[Event "ESP-chT Div 1"]
[Site "Cala Galdana"]
[Date "1999.11.15"]
[Round "8"]
[White "Vega Holm, Fernando"]
[Black "Vallejo Pons, Francisco"]
[Result "0-1"]
[WhiteElo "2404"]
[BlackElo "2519"]

1.c4 Nf6 2.g3 c5 3.Bg2 d5 4.cxd5 Nxd5 5.Nc3 Nf6 6.Nf3 Nc6 7.O-O Bf5 8.d3 e6
9.Be3 Be7 10.Na4 Nd7 11.Rc1 Qa5 12.Nd2 Rc8 13.Qb3 Rc7 14.Nc4 Qa6 15.Nc3 Nb6
16.Nb5 Rd7 17.Nxa7 Nxc4 18.Nxc6 Nxe3 19.Nb8 c4 20.dxc4 Qd6 21.Nxd7 Nxf1 22.Qxb7 e5  0-1

[Event "It"]
[Site "Pamplona ESP"]
[Date "1999.12.27"]
[Round "1"]
[White "Vallejo Pons,F"]
[Black "Gelfand,B"]
[Result "0-1"]
[WhiteElo "2519"]
[BlackElo "2713"]

1.c4 e5 2.Nc3 Nf6 3.Nf3 Nc6 4.g3 Nd4 5.Bg2 Nxf3+ 6.Bxf3 Bb4 7.Qb3 Bc5 8.d3 c6
9.g4 d6 10.g5 Ng8 11.Na4 Ne7 12.Nxc5 dxc5 13.Be4 O-O 14.Qc3 Nf5 15.h4 Nd4
16.e3 f5 17.Bg2 Qe8 18.Qd2 f4 19.exd4 f3 20.Bf1 exd4+ 21.Kd1 Bg4 22.b3 Qg6
23.Ba3 b6 24.Kc2 a5 25.Rg1 Qh5 26.Re1 a4 27.b4 cxb4 28.Qxb4 Qxh4 29.Rg3 c5
30.Qd2 Rae8 31.Bc1 Bh5 32.Rxe8 Rxe8 33.Qf4 Qh1 34.Bh3 Re2+ 35.Bd2 Qa1 36.Qb8+ Be8
37.Be6+ Rxe6 38.Rxf3 Qxa2+ 39.Kd1 Qb1+ 40.Bc1 Qb3+ 41.Kd2 Qa2+  0-1

[Event "It"]
[Site "Pamplona ESP"]
[Date "1999.12.28"]
[Round "2"]
[White "De la Villa Garcia,J"]
[Black "Vallejo Pons,F"]
[Result "1/2-1/2"]
[WhiteElo "2473"]
[BlackElo "2519"]

1.e4 c5 2.Nf3 Nc6 3.d4 cxd4 4.Nxd4 e5 5.Nf5 d5 6.Qxd5 Qxd5 7.exd5 Bxf5 8.dxc6 bxc6
9.Bd3 Bxd3 10.cxd3 O-O-O 11.Ke2 f5 12.Nd2 Bc5 13.Nc4 e4 14.dxe4 Rd4 15.b3 Rxe4+
16.Be3 f4 17.Kd3 fxe3 18.Kxe4 exf2 19.Rhf1 Nf6+ 20.Kf3 Nd5 21.g3 Rf8+ 22.Kg2 Kc7
23.Rad1 Ne3+ 24.Nxe3 Bxe3 25.Rd3 Re8 26.Rfd1 Re7 27.Kf1 a5 28.Rc3 h6 29.Rc2 Rf7
30.Re2 Bc5 31.Rc1 Kb6 32.Rec2 Rf5 33.Rc3 Re5 34.Rc4 h5 35.R4c2 g5 36.h3 Kb5
37.Rc4 Kb6 38.R4c2 Kb5 39.Rc4 Kb6 40.a4 Rd5 41.R4c2 Re5 42.Rc4 Rd5 43.g4 hxg4
44.hxg4 Re5 45.R4c2 Rd5  1/2-1/2

[Event "It"]
[Site "Pamplona ESP"]
[Date "1999.12.29"]
[Round "3"]
[White "Vallejo Pons,F"]
[Black "Short,N"]
[Result "1/2-1/2"]
[WhiteElo "2519"]
[BlackElo "2675"]

1.e4 c5 2.Nf3 d6 3.d4 cxd4 4.Nxd4 Nf6 5.f3 e5 6.Nb3 Be6 7.c4 Nbd7 8.Be3 Rc8
9.Na3 a6 10.Be2 Be7 11.O-O h5 12.Qd2 g6 13.Rfd1 Kf8 14.Na5 Rc7 15.b4 b6 16.Nb3 Qc8
17.Rac1 Kg7 18.Bg5 Qb7 19.Qe1 Rhc8 20.Kh1  1/2-1/2

[Event "It"]
[Site "Pamplona ESP"]
[Date "1999.12.30"]
[Round "4"]
[White "Timman,J"]
[Black "Vallejo Pons,F"]
[Result "0-1"]
[WhiteElo "2650"]
[BlackElo "2519"]

1.d4 d5 2.c4 c6 3.Nf3 Nf6 4.Nc3 e6 5.Bg5 h6 6.Bh4 dxc4 7.e4 g5 8.Bg3 b5 9.Be2 Bb7
10.h4 g4 11.Ne5 Rg8 12.h5 Nbd7 13.Nxd7 Nxd7 14.Bxg4 Qb6 15.O-O Rd8 16.e5 Nf6
17.Bxe6 Rxd4 18.Qe2 Nd5 19.Bxd5 cxd5 20.Kh2 b4 21.Nd1 Re4 22.Qd2 Rg5 23.Ne3 d4
24.Rad1 Bc5 25.Qe2 dxe3 26.f4 Rg8 27.b3 Qe6 28.f5 Qxe5  0-1

[Event "It"]
[Site "Pamplona ESP"]
[Date "2000.01.02"]
[Round "6"]
[White "Magem Badals,J"]
[Black "Vallejo Pons,F"]
[Result "0-1"]
[WhiteElo "2528"]
[BlackElo "2519"]

1.e4 c5 2.Nf3 Nc6 3.c3 e6 4.d3 d5 5.Qe2 e5 6.g3 d4 7.Bg2 Bg4 8.h3 Bh5 9.O-O f6
10.c4 Bd6 11.a3 Nge7 12.Qe1 g5 13.Nh2 Qd7 14.Nd2 Bf7 15.Ng4 Ng8 16.f4 h5
17.Nh2 gxf4 18.gxf4 exf4 19.e5 fxe5 20.Rxf4 Be6 21.Rf3 O-O-O 22.Ne4 Nh6 23.b4 Nf5
24.b5 Nce7 25.Ng5 Rhg8 26.Qe4 Rg7 27.Ra2 Rdg8 28.h4 Ne3 29.Bxe3 dxe3 30.Rf6 Bf5
31.Qxe3 Ng6 32.Nhf3 Bg4 33.Rf2 Bc7 34.Qe4 Bd6 35.Qd5 Be7 36.Qxd7+ Bxd7 37.Rf7 Rxf7
38.Nxf7 Nf4  0-1

[Event "It"]
[Site "Pamplona ESP"]
[Date "2000.01.03"]
[Round "7"]
[White "Vallejo Pons,F"]
[Black "Lautier,J"]
[Result "1/2-1/2"]
[WhiteElo "2519"]
[BlackElo "2638"]

1.c4 c5 2.Nf3 Nf6 3.Nc3 Nc6 4.d4 cxd4 5.Nxd4 e6 6.a3 Be7 7.g3 a6 8.Bg2 Qc7
9.b3 Rb8 10.O-O O-O 11.e4 Rd8 12.Re1 d6 13.Be3 Nxd4 14.Qxd4  1/2-1/2

[Event "It"]
[Site "Pamplona ESP"]
[Date "2000.01.04"]
[Round "8"]
[White "Vallejo Pons,F"]
[Black "Almasi,Z"]
[Result "1/2-1/2"]
[WhiteElo "2519"]
[BlackElo "2663"]

1.Nf3 d5 2.d4 Nf6 3.c4 c6 4.Nc3 dxc4 5.g3 g6 6.Bg2 Bg7 7.O-O O-O 8.e4 Bg4
9.h3 Bxf3 10.Bxf3 Na6 11.Be3 Nc7 12.a4 e5 13.Be2 Ng4 14.hxg4 exd4 15.Bxd4 Bxd4
16.Bxc4 Qf6 17.Rc1 Rae8 18.Qb3 Qf3 19.Nb5 Qxb3 20.Bxb3 cxb5 21.Rxc7 bxa4
22.Bxa4 Rxe4 23.Bd1 b5 24.Bf3 Re5 25.Rd1 Bb6 26.Rb7 Rc5 27.Rd2 Rfc8 28.Rdd7 R8c7
29.Rbxc7 Rxc7 30.Rxc7 Bxc7 31.Bc6 a6 32.b3 Kf8 33.Bb7 a5 34.Bc6 b4 35.f4 g5
36.fxg5 Bxg3 37.Kg2 Bf4 38.Kf3 Bxg5 39.Bb5 Ke7 40.Ba4 Ke6 41.Bb5 Ke5 42.Ba4 f5  1/2-1/2

[Event "g/10 Match"]
[Site "Leon ESP"]
[Date "2000.06.30"]
[Round "1"]
[White "Magem Badals,J"]
[Black "Vallejo Pons,F"]
[Result "0-1"]
[WhiteElo "2529"]
[BlackElo "2528"]

1.e4 c5 2.Nf3 Nc6 3.Bb5 e6 4.c3 Nge7 5.Qe2 a6 6.Ba4 b5 7.Bc2 d5 8.e5 d4 9.Be4 Rb8
10.d3 Bb7 11.O-O Ng6 12.Re1 Be7 13.g3 Qd7 14.Nbd2 h6 15.cxd4 cxd4 16.Nb3 a5
17.Bd2 a4 18.Na5 Nxa5 19.Bxa5 O-O 20.Rac1 Rfc8 21.Rxc8+ Rxc8 22.Bb6 Bb4 23.Rd1 Bc5
24.Bxc5 Rxc5 25.h4 Bd5 26.h5 Ne7 27.Bxd5 Qxd5 28.a3 Nc6 29.Re1 b4 30.axb4 Nxb4
31.Qe4 Qxe4 32.Rxe4 Nxd3 33.Rxd4 Nxb2 34.Rd8+ Kh7 35.Rd7 a3 36.Ra7 Nc4 37.Ra4 Ra5  0-1

[Event "g/10 Match"]
[Site "Leon ESP"]
[Date "2000.06.30"]
[Round "5"]
[White "Magem Badals,J"]
[Black "Vallejo Pons,F"]
[Result "0-1"]
[WhiteElo "2529"]
[BlackElo "2528"]

1.e4 c5 2.Nf3 e6 3.d3 Nc6 4.g3 g6 5.Bg2 Bg7 6.O-O Nge7 7.c3 O-O 8.Be3 b6
9.d4 cxd4 10.cxd4 d5 11.e5 f6 12.exf6 Bxf6 13.Nc3 Nf5 14.Rc1 Bd7 15.Ne2 Rc8
16.Qd2 Qe7 17.b3 Qb4 18.Qb2 Na5 19.Bd2 Qe7 20.Bxa5 bxa5 21.Bh3 Nd6 22.Nf4 Ne4
23.Rxc8 Rxc8 24.Rc1 Qe8 25.Nd3 Rxc1+ 26.Qxc1 Qc8 27.Qxc8+ Bxc8 28.Nf4 Nc3
29.Bxe6+ Bxe6 30.Nxe6 Nxa2 31.Nc7 Nc3 32.Kf1 Bd8 33.Ne6 Bb6 34.Ne5 Nb5 35.Nc6 Kf7
36.Nf4 Nc3 37.Nd3 Nb5 38.Nde5+ Ke6  0-1

[Event "g/10 Match"]
[Site "Leon ESP"]
[Date "2000.06.30"]
[Round "6"]
[White "Vallejo Pons,F"]
[Black "Magem Badals,J"]
[Result "1/2-1/2"]
[WhiteElo "2528"]
[BlackElo "2529"]

1.e4 c5 2.Nc3 e6 3.Nge2 Nc6 4.g3 d5 5.exd5 exd5 6.Bg2 Nf6 7.O-O d4 8.Ne4 Nxe4
9.Bxe4 Bd6 10.d3 O-O 11.Nf4 Ne5 12.Nd5 Bg4 13.f3 Bh3 14.f4 f5 15.Bg2 Bxg2
16.Kxg2 Nc6 17.c4 dxc3 18.bxc3 Qd7 19.c4 Ne7 20.Qf3 Rad8 21.Bb2 Nxd5 22.Qxd5+ Qf7
23.Qf3 Rd7 24.Rfe1 Rfd8 25.Re3 b6 26.Rae1 h6 27.Bc3 Bf8 28.a4 Re7 29.Be5 Red7
30.h3 Qg6 31.Kh2 Rf7 32.Bc3 Qd6 33.a5 Qd7 34.axb6 axb6 35.Be5 Qb7 36.Kg2 Qxf3+
37.Kxf3 Rfd7 38.Ke2 Ra7 39.Rb1 Ra2+ 40.Kf3 Ra3 41.Ke2 Ra2+ 42.Kf3 Ra3 43.Ke2  1/2-1/2

[Event "TCh-ESP"]
[Site "Barcelona ESP"]
[Date "2000.08.05"]
[Round "1"]
[White "Rodriguez,Am"]
[Black "Vallejo Pons,F"]
[Result "0-1"]
[WhiteElo "2477"]
[BlackElo "2554"]

1.e4 c5 2.Nf3 Nc6 3.d4 cxd4 4.Nxd4 Nf6 5.Nc3 d6 6.Bg5 Qa5 7.Bxf6 gxf6 8.Nb3 Qg5
9.g3 Bd7 10.Bg2 f5 11.f4 Qg6 12.Qd2 Bg7 13.O-O-O fxe4 14.Bxe4 Qf6 15.Kb1 Rc8
16.h3 O-O 17.g4 Qh4 18.Ne2 a5 19.Nbd4 Nxd4 20.Nxd4 Rc4 21.c3 Rfc8 22.Nf3 Qf6
23.Nd4 Qh4 24.Nf3 Qf6 25.Nd4 e6 26.g5 Qd8 27.Bd3 R4c5 28.Ne2 b5 29.h4 b4
30.cxb4 axb4 31.Rc1 Bc6 32.Rxc5 dxc5 33.Rd1 Qa5 34.Bc4 Be4+ 35.Ka1 Ra8 36.h5 Qa4
37.Nc1 Bc2 38.Bb5 Qxb5 39.Qxc2 c4 40.h6 b3 41.Qd2 Rxa2+ 42.Nxa2 Qa4 43.Qd8+ Bf8
44.Kb1 Qxa2+ 45.Kc1 c3  0-1

[Event "TCh-ESP"]
[Site "Barcelona ESP"]
[Date "2000.08.06"]
[Round "2"]
[White "Corral Blanco,J"]
[Black "Vallejo Pons,F"]
[Result "1/2-1/2"]
[WhiteElo "2464"]
[BlackElo "2554"]

1.d4 e6 2.c4 Nf6 3.Nc3 Bb4 4.e3 b6 5.Ne2 Ba6 6.a3 Be7 7.Nf4 d5 8.cxd5 Bxf1
9.Kxf1 Nxd5 10.Ncxd5 exd5 11.Qh5 Bg5 12.Ne6 g6 13.Qxg5 fxe6 14.Qe5 Kd7 15.Qg7+ Kc8
16.Bd2 Nc6 17.Rc1 Kb7 18.Ke2 Qe7 19.Qxe7 Nxe7  1/2-1/2

[Event "TCh-ESP"]
[Site "Barcelona ESP"]
[Date "2000.08.07"]
[Round "3"]
[White "Vallejo Pons,F"]
[Black "Topalov,V"]
[Result "1-0"]
[WhiteElo "2554"]
[BlackElo "2707"]

1.Nf3 c5 2.c4 g6 3.d4 Bg7 4.e4 d6 5.d5 e6 6.h3 exd5 7.cxd5 Ne7 8.Nc3 O-O
9.Bf4 h6 10.g4 g5 11.Be3 Ng6 12.h4 Bxg4 13.hxg5 hxg5 14.Be2 Bxf3 15.Bxf3 Nd7
16.Bg4 Nde5 17.Bf5 Re8 18.Qh5 Nd3+ 19.Kd2 Ngf4 20.Qg4 Qf6 21.Bxf4 Nxf4 22.Rag1 Qd4+
23.Kc2 Qxf2+ 24.Kb1 Bf6 25.Rh6 Nd3 26.Ne2 Ne5 27.Qh5 Qf3 28.Rxg5+ Kf8 29.Rxf6 Qd3+
30.Kc1 Ke7 31.Rg3 Rh8 32.Re6+  1-0

[Event "TCh-ESP"]
[Site "Barcelona ESP"]
[Date "2000.08.10"]
[Round "6"]
[White "Pablo Marin,A"]
[Black "Vallejo Pons,F"]
[Result "0-1"]
[WhiteElo "2395"]
[BlackElo "2554"]

1.e4 e6 2.d3 c5 3.g3 Nc6 4.Bg2 g6 5.Ne2 Bg7 6.O-O Nge7 7.Nbc3 O-O 8.Rb1 d6
9.a3 Bd7 10.b4 b6 11.Bf4 e5 12.Bd2 Rc8 13.bxc5 bxc5 14.Nd5 Nxd5 15.exd5 Nd4
16.c4 Bg4 17.f3 Bf5 18.Nxd4 exd4 19.Qc2 h5 20.Rfe1 Qd7 21.Bf1 Be5 22.Rb2 Rfe8
23.Reb1 Bh3 24.f4 Bf6 25.Bxh3 Qxh3 26.Qd1 h4 27.Qf3 Kg7 28.Qg2 Qg4 29.h3 Qf5
30.Qf1 hxg3  0-1

[Event "TCh-ESP"]
[Site "Barcelona ESP"]
[Date "2000.08.11"]
[Round "7"]
[White "Vallejo Pons,F"]
[Black "Narciso Dublan,M"]
[Result "1/2-1/2"]
[WhiteElo "2554"]
[BlackElo "2507"]

1.Nf3 d5 2.d4 Nf6 3.c4 e6 4.Nc3 Be7 5.Bg5 O-O 6.e3 h6 7.Bh4 b6 8.cxd5 Nxd5
9.Bxe7 Qxe7 10.Nxd5 exd5 11.Rc1 Be6 12.Qa4 c5 13.dxc5 bxc5 14.Be2 Nd7 15.O-O Rfb8
16.b3 a5 17.Bb5 Nf6 18.Ne5 Rb6 19.Bd3  1/2-1/2

[Event "TCh-ESP"]
[Site "Barcelona ESP"]
[Date "2000.08.13"]
[Round "9"]
[White "Vallejo Pons,F"]
[Black "Campora,D"]
[Result "1-0"]
[WhiteElo "2554"]
[BlackElo "2526"]

1.e4 e5 2.Nf3 Nc6 3.d4 exd4 4.Nxd4 Nge7 5.Nc3 Nxd4 6.Qxd4 Nc6 7.Qe3 Bb4 8.Bd2 O-O
9.a3 Bxc3 10.Bxc3 d6 11.O-O-O Qe7 12.g4 f6 13.Rg1 Ne5 14.Be2 Nf7 15.h4 Re8
16.f3 h6 17.Rd2 Bd7 18.Bc4 Be6 19.Bd3 c5 20.Bb5 Rf8 21.f4 a6 22.Bd3 b5 23.e5 dxe5
24.Qe4 Rfd8 25.fxe5 fxe5 26.g5 hxg5 27.Rf1 Kf8 28.Qxe5 Rd4 29.Bxd4 cxd4 30.hxg5 Bh3
31.Qxe7+ Kxe7 32.Re2+ Be6 33.Bf5 Nxg5 34.Bxe6 d3 35.cxd3 Nxe6 36.Rfe1 Rc8+
37.Kb1  1-0

[Event "ECh-u20"]
[Site "Aviles ESP"]
[Date "2000.08.16"]
[Round "1"]
[White "Biti,O"]
[Black "Vallejo Pons,F"]
[Result "0-1"]
[WhiteElo "2323"]
[BlackElo "2554"]

1.e4 e6 2.d4 d5 3.Nd2 Nf6 4.e5 Nfd7 5.Bd3 c5 6.c3 Nc6 7.Ne2 cxd4 8.cxd4 Nb6
9.Nf3 Bd7 10.O-O Be7 11.Nf4 a5 12.Nh5 g6 13.Nf6+ Bxf6 14.exf6 Qxf6 15.Bg5 Qg7
16.Qd2 h6 17.Bf4 Nc8 18.Ne5 g5 19.Nxc6 Bxc6 20.Be5 f6 21.Bg3 h5 22.f4 h4
23.Bf2 g4 24.Qe3 Ne7 25.f5 e5 26.dxe5 g3 27.hxg3 fxe5 28.gxh4 d4 29.Qg3 Qf6
30.Qg5 Qf7  0-1

[Event "ECh-u20"]
[Site "Aviles ESP"]
[Date "2000.08.17"]
[Round "2"]
[White "Vallejo Pons,F"]
[Black "Mateuta,G"]
[Result "1-0"]
[WhiteElo "2554"]
[BlackElo "2409"]

1.d4 Nf6 2.c4 e6 3.Nc3 d5 4.cxd5 exd5 5.Bg5 Be7 6.e3 c6 7.Bd3 Nbd7 8.Nge2 O-O
9.Qc2 Re8 10.O-O Nf8 11.f3 c5 12.Rad1 c4 13.Bf5 Be6 14.Bxe6 Nxe6 15.Bxf6 Bxf6
16.e4 Nc7 17.e5 Be7 18.f4 b5 19.Ng3 b4 20.Nce2 a5 21.Rf3 a4 22.Nf5 Bf8 23.Rh3 g6
24.Ne3 b3 25.axb3 axb3 26.Qd2 Nb5 27.f5 Ra6 28.Rf1 Bg7 29.f6 Bf8 30.Ng4 Qd7
31.Qg5 Nc7 32.Nf4 Ne6 33.Qh4 h5 34.Nxg6 fxg6 35.f7+ Qxf7 36.Rxf7  1-0

[Event "ECh-u20"]
[Site "Aviles ESP"]
[Date "2000.08.18"]
[Round "3"]
[White "Berg,E"]
[Black "Vallejo Pons,F"]
[Result "0-1"]
[WhiteElo "2456"]
[BlackElo "2554"]

1.e4 e5 2.Nf3 Nc6 3.d4 exd4 4.Nxd4 Bc5 5.Be3 Qf6 6.c3 Qg6 7.Qe2 Nxd4 8.Bxd4 Bb6
9.Bxb6 axb6 10.Na3 Nf6 11.Nb5 Kd8 12.f3 d5 13.Qd2 Bd7 14.Bd3 dxe4 15.fxe4 Nxe4
16.Qf4 Bxb5 17.Bxe4 Qh5 18.g4 Qh4+ 19.Kd2 Kc8 20.Kc2 Kb8 21.Rhe1 h5 22.Rad1 hxg4
23.Rd2 Qxe1  0-1

[Event "ECh-u20"]
[Site "Aviles ESP"]
[Date "2000.08.21"]
[Round "6"]
[White "Vallejo Pons,F"]
[Black "Kallio,H"]
[Result "1-0"]
[WhiteElo "2554"]
[BlackElo "2451"]

1.c4 e5 2.g3 Nc6 3.Bg2 Bc5 4.Nc3 Nf6 5.a3 a6 6.e3 d6 7.Nge2 Ba7 8.h3 Bd7
9.b4 Qc8 10.Bb2 O-O 11.Rc1 Re8 12.g4 h6 13.O-O Ne7 14.f4 Ng6 15.f5 Nh4 16.Bh1 Nxf5
17.gxf5 Bxf5 18.Kh2 Bxh3 19.Rxf6 gxf6 20.Nd5 Kh8 21.Qe1 Qg4 22.Ng1 c6 23.Nxf6 Qg6
24.Nxe8 Bf5 25.Qg3 Qh5+ 26.Nh3 Rxe8 27.Bf3  1-0

[Event "ECh-u20"]
[Site "Aviles ESP"]
[Date "2000.08.23"]
[Round "7"]
[White "Horvath,Ad"]
[Black "Vallejo Pons,F"]
[Result "1-0"]
[WhiteElo "2425"]
[BlackElo "2554"]

1.e4 c5 2.Nf3 d6 3.d4 cxd4 4.Nxd4 Nf6 5.Nc3 a6 6.Be2 e5 7.Nb3 Be7 8.O-O O-O
9.f4 Nbd7 10.Kh1 b5 11.fxe5 dxe5 12.Bd3 Bb7 13.Qf3 b4 14.Ne2 a5 15.Ng3 a4
16.Nd2 g6 17.Nc4 Kg7 18.Be3 h5 19.Rad1 h4 20.Nf5+ gxf5 21.Qxf5 Rh8 22.Nxe5 Ra5
23.Qg5+ Kf8 24.Nxd7+ Nxd7 25.Rxf7+ Kxf7 26.Bc4+ Bd5 27.Bxd5+ Rxd5 28.Qxd5+ Ke8
29.Qe6 Qc7 30.Qg6+ Kf8 31.Rf1+ Bf6 32.Bf4 Qc6 33.Bg5 Qb5 34.Rxf6+ Nxf6 35.Qxf6+ Kg8
36.Qe6+ Kf8 37.Be7+ Kg7 38.Bf6+ Kh7 39.Qf7+  1-0

[Event "ECh-u20"]
[Site "Aviles ESP"]
[Date "2000.08.24"]
[Round "8"]
[White "Vallejo Pons,F"]
[Black "Jenni,F"]
[Result "1/2-1/2"]
[WhiteElo "2554"]
[BlackElo "2440"]

1.Nf3 Nf6 2.c4 g6 3.Nc3 Bg7 4.e4 d6 5.d4 O-O 6.Be2 e5 7.d5 a5 8.Bg5 h6 9.Bh4 Na6
10.O-O Qe8 11.Nd2 Nh7 12.a3 h5 13.f3 Bd7 14.b3 Bh6 15.Rb1 Be3+ 16.Bf2 Bxf2+
17.Rxf2 Nc5 18.Qc2 Qe7 19.b4 axb4 20.axb4 Na4 21.c5 f5 22.Nb5 dxc5 23.Nxc7 Rac8
24.Qb3 Kh8 25.Ne6 Bxe6 26.dxe6 Ra8 27.exf5 gxf5 28.Bb5 Nb6 29.Re2 Rad8 30.Nc4 Qxe6
31.Rxe5 Qf6 32.f4 Nd5 33.Qf3 Nxb4 34.Ne3 Qg6 35.Rxc5 Qb6 36.Rbc1 Nd3 37.Bxd3 Rxd3
38.Qf2 Qe6 39.Re5 Qd7 40.h3 Rd2 41.Qf3 Rg8 42.Qxh5 Rdxg2+ 43.Nxg2 Qd2 44.Qe2 Qxc1+
45.Kh2 Qc3 46.Qf2 Qc6 47.Rxf5 Qg6 48.Nh4 Qg7 49.Nf3 Rf8 50.Rxf8+ Qxf8 51.Ne5 Qf5
52.Qd4 Qf6 53.Kg3 b6 54.h4 Kg8 55.Qd5+ Kh8 56.Qa8+ Kg7 57.Qb7+ Kg8 58.Qd5+ Kh8
59.f5 Nf8 60.Nf7+ Kg7 61.Ng5 Qe7 62.Qd4+ Qf6 63.Qd5 Qe7 64.Kf3 Nd7 65.Ne6+ Kf6
66.Ng5 Kg7 67.Qd4+ Kg8 68.Ne6 Qf7 69.Kf4 b5 70.Qg1+ Kh8 71.Qd4+ Kg8 72.h5 Qe7
73.Qg1+ Kh8 74.Qd4+ Kg8 75.Ng5 Nf6 76.h6 Nh5+ 77.Kg4 Nf6+ 78.Kg3 Qe1+ 79.Kf3 Qf1+
80.Kg3 Qe1+ 81.Kh2 Qe2+ 82.Kg3 Qe1+  1/2-1/2

[Event "ECh-u20"]
[Site "Aviles ESP"]
[Date "2000.08.25"]
[Round "9"]
[White "Vallejo Pons,F"]
[Black "Sedlak,N"]
[Result "1-0"]
[WhiteElo "2554"]
[BlackElo "2423"]

1.c4 e6 2.Nf3 d5 3.d4 Nf6 4.Bg5 Bb4+ 5.Nc3 dxc4 6.e4 c5 7.Bxc4 cxd4 8.Nxd4 Bxc3+
9.bxc3 Qa5 10.Bxf6 Qxc3+ 11.Kf1 gxf6 12.Rc1 Qa5 13.h4 Ke7 14.Qg4 Rd8 15.e5 Qxe5
16.Nxe6 Bxe6 17.Bxe6 Rd4 18.Qf3 Nc6 19.Re1 Qc7 20.Bb3+ Ne5 21.Qh5 Rf8 22.Rh3 a5
23.a4 Qc5 24.Rhe3 Kd8 25.Qf5 Qd6 26.Rc3 Nc6 27.g3 Rd2 28.h5 h6 29.Rf3 Kc7
30.Qxf6 Qc5 31.Qxh6 Rb2 32.Qxf8  1-0

[Event "ECh-u20"]
[Site "Aviles ESP"]
[Date "2000.08.26"]
[Round "10"]
[White "Smirnov,P"]
[Black "Vallejo Pons,F"]
[Result "0-1"]
[WhiteElo "2487"]
[BlackElo "2554"]

1.e4 e6 2.d4 d5 3.Nc3 Bb4 4.e5 Qd7 5.Qg4 f5 6.Qg3 b6 7.Nh3 Ba6 8.Nf4 Bxf1
9.Kxf1 Bf8 10.Nce2 c5 11.c4 dxc4 12.Be3 Nc6 13.dxc5 Nh6 14.Nc3 bxc5 15.Rd1 Nd4
16.Nfe2 Nxe2 17.Qf3 Qc8 18.Qxe2 Nf7 19.Qxc4 Nxe5 20.Qf4 Qa6+ 21.Kg1 Nd3 22.Qg3 c4
23.Qc7 Be7 24.a4 Qc8 25.Nb5 a6 26.Nd6+ Bxd6 27.Qxd6 Kf7 28.Bb6 Nxb2 29.Re1 Re8
30.Re3 Nxa4 31.Bd4 Qb8  0-1

[Event "ECh-u20"]
[Site "Aviles ESP"]
[Date "2000.08.27"]
[Round "11"]
[White "Vallejo Pons,F"]
[Black "Blehm,P"]
[Result "0-1"]
[WhiteElo "2554"]
[BlackElo "2518"]

1.g3 g6 2.Bg2 Bg7 3.d4 c5 4.d5 d6 5.Nc3 Bd7 6.a4 Qc8 7.Ne4 Na6 8.h4 h6 9.c4 Nf6
10.Nxf6+ Bxf6 11.Nh3 Nb4 12.Ra3 Qc7 13.Nf4 O-O-O 14.Nd3 a5 15.b3 e5 16.Nxb4 axb4
17.Ra2 Bg7 18.h5 gxh5 19.e4 f5 20.exf5 Rdf8 21.Rxh5 Rxf5 22.Be4 Rf6 23.Be3 Kb8
24.Rh4 Bc8 25.Qe2 Rhf8 26.Qf1 Bf5 27.Qh1 Qf7 28.Bxf5 Rxf5 29.Qe4 h5 30.Re2 Qf6
31.Rh2 Bh6 32.g4 Bf4 33.Rxh5 Rxh5 34.gxh5 Qh4 35.Qf3 Bh6 36.Qg2 Qxh5 37.Kd2 Ka7
38.Re1 Qh4 39.Ke2 Qh5+ 40.Kd2 Rf3 41.Bxh6 Qxh6+ 42.Re3 Rf4 43.Qg1 Qh7 44.Qe1 Qf5
45.Ke2 Rd4 46.Qh1 Qc2+  0-1

[Event "zt 1.1"]
[Site "Mondariz ESP"]
[Date "2000.09.03"]
[Round "1"]
[White "Magem Badals,J"]
[Black "Vallejo Pons,F"]
[Result "1/2-1/2"]
[WhiteElo "2482"]
[BlackElo "2554"]

1.e4 e6 2.d4 d5 3.e5 c5 4.c3 Nc6 5.Nf3 Qb6 6.Be2 Nh6 7.Bxh6 gxh6 8.Qd2 Bg7
9.O-O O-O 10.Na3 Bd7 11.Nc2 cxd4 12.cxd4 f6 13.exf6 Rxf6 14.b4 Raf8 15.b5 Ne7
16.Ne5 Be8 17.g3 h5 18.a4 h4  1/2-1/2